After Abbottabad : (Record no. 14878)

000 -LEADER
fixed length control field 01462cam a22004215i 4500
001 - CONTROL NUMBER
control field 17567611
005 - DATE AND TIME OF LATEST TRANSACTION
control field 20170105102906.0
007 - PHYSICAL DESCRIPTION FIXED FIELD--GENERAL INFORMATION
fixed length control field ta
008 - FIXED-LENGTH DATA ELEMENTS--GENERAL INFORMATION
fixed length control field 120711s2012 ii ab b 001 0deng d
010 ## - LIBRARY OF CONGRESS CONTROL NUMBER
LC control number 2012353911
016 7# - NATIONAL BIBLIOGRAPHIC AGENCY CONTROL NUMBER
Record control number 016173761
Source Uk
020 ## - INTERNATIONAL STANDARD BOOK NUMBER
International Standard Book Number 9788182746718
020 ## - INTERNATIONAL STANDARD BOOK NUMBER
International Standard Book Number 818274671X
025 ## - OVERSEAS ACQUISITION NUMBER
Overseas acquisition number I-E-2012-353911; 63-08; 63-09
035 ## - SYSTEM CONTROL NUMBER
System control number (OCoLC)ocn809236305
035 ## - SYSTEM CONTROL NUMBER
System control number (OCoLC)809236305
037 ## - SOURCE OF ACQUISITION
Stock number Library of Congress -- New Delhi Overseas Office
040 ## - CATALOGING SOURCE
Original cataloging agency DKAGE
Language of cataloging eng
Description conventions rda
Transcribing agency DKAGE
Modifying agency OCLCO
-- UKMGB
-- DLC
042 ## - AUTHENTICATION CODE
Authentication code lccopycat
-- lcode
043 ## - GEOGRAPHIC AREA CODE
Geographic area code a-su---
-- a-pk---
050 00 - LIBRARY OF CONGRESS CALL NUMBER
Classification number HV6430.A2-ZB+
050 #4 - LIBRARY OF CONGRESS CALL NUMBER
Classification number HV6430.B55
Item number B43 2012
082 04 - DEWEY DECIMAL CLASSIFICATION NUMBER
Classification number 363.325092
Edition number 23
100 1# - MAIN ENTRY--PERSONAL NAME
Personal name Bhat, Anil,
Dates associated with a name 1951-
245 10 - TITLE STATEMENT
Title After Abbottabad :
Remainder of title terror to turmoil in Pakistan /
Statement of responsibility, etc. Anil Bhat ; foreword by Mujahid Hussain.
300 ## - PHYSICAL DESCRIPTION
Extent xx, 200 pages :
Other physical details illustrations, maps ;
Dimensions 24 cm
504 ## - BIBLIOGRAPHY, ETC. NOTE
Bibliography, etc. note Includes bibliographical references and index.
600 10 - SUBJECT ADDED ENTRY--PERSONAL NAME
Personal name Bin Laden, Osama,
Dates associated with a name 1957-2011.
610 20 - SUBJECT ADDED ENTRY--CORPORATE NAME
Corporate name or jurisdiction name as entry element Qaida (Organization)
Form subdivision Biography.
650 #0 - SUBJECT ADDED ENTRY--TOPICAL TERM
Topical term or geographic name entry element Terrorists
Geographic subdivision Saudi Arabia
Form subdivision Biography.
650 #0 - SUBJECT ADDED ENTRY--TOPICAL TERM
Topical term or geographic name entry element Terrorism
General subdivision Religious aspects
-- Islam.
650 #0 - SUBJECT ADDED ENTRY--TOPICAL TERM
Topical term or geographic name entry element Terrorism
Geographic subdivision Pakistan.
650 #0 - SUBJECT ADDED ENTRY--TOPICAL TERM
Topical term or geographic name entry element Islamic fundamentalism
Geographic subdivision Pakistan.
650 #0 - SUBJECT ADDED ENTRY--TOPICAL TERM
Topical term or geographic name entry element Special operations (Military science)
Geographic subdivision United States.
906 ## - LOCAL DATA ELEMENT F, LDF (RLIN)
a 7
b par
c copycat
d 3
e ncip
f 20
g y-gencatlg
942 ## - ADDED ENTRY ELEMENTS (KOHA)
Source of classification or shelving scheme
Koha item type Book
Holdings
Withdrawn status Lost status Damaged status Not for loan Collection code Permanent Location Current Location Shelving location Date acquired Total Checkouts Full call number Barcode Date last seen Price effective from Koha item type
          Centre for International Peace & Stability (CIPS) Centre for International Peace & Stability (CIPS) General Stacks 10/01/2013   363.325092 BHA 2012 CIPS0001137 10/24/2013 10/24/2013 Book
© 2023 Central Library, National University of Sciences and Technology. All Rights Reserved.